Statistics for Capital Cities on their Country's Border

Click here to take the quiz!

General Stats

  • This quiz has been taken 1,292 times
    (731 since last reset)
  • The average score is 6 of 15

Answer Stats

capital% Correct
Vatican City
73%
Kinshasa
67%
Monaco
64%
Brazzaville
62%
Bratislava
55%
Vaduz
51%
Jerusalem
41%
Rome
34%
Vientiane
25%
Lomé
22%
Tashkent
21%
Asunción
20%
Maseru
20%
N'Djamena
19%
Bangui
16%

Score Distribution

Percentile by Number Answered

Percent of People with Each Score

Your Score History

You have not taken this quiz since the last reset